OFC Champions League Winners - Statistics

General Stats
  • This quiz has been taken 40 times
  • The average score is 2 of 5
Answer Stats
Champions Teams % Correct
10 Auckland City FC
100%
1 Hekari United
41%
1 Team Wellington
41%
1 Hienghène Sport
33%
2 Waitakere United
30%
No matching quizzes found
Score Distribution
Percent of People with Each Score
Percentile by Number Answered
Your Score History
You have not taken this quiz